000 00534nam a2200181Ia 4500
999 _c28582
_d28582
003 OSt
005 20200201125744.0
008 190216s9999||||xx |||||||||||||| ||und||
020 _a9788124015919
040 _coclc
082 _a956.92044
_bCHA/J
100 _aChai, Ang Swee
_91763
245 0 _aJerusalem : Kutiyirakkapettavante Melvilasam /
_cAng See Chay
260 _bCurrent Books,
_aKottayam:
_c2005.
300 _a266p
650 _aMalayalam
942 _cBK
_2ddc
_h956.92044
_iCHA/J
_k956.92044
_mCHA/J